| 000 | 00903nam0a22002411i 4500 | ||
|---|---|---|---|
| 001 | rc\3686992 | ||
| 005 | 20240726085230.0 | ||
| 021 |
_aRU _b[72-15657а] |
||
| 035 | _a(NLR Aleph) 007848295 | ||
| 090 |
_a7774678 _c7774678 |
||
| 100 | _a20130115d1972 |||y0rusy50 ca | ||
| 101 | 0 | _arus | |
| 102 | _aRU | ||
| 105 | _ay d ||||| | ||
| 200 | 1 |
_aИннервация наружных половых органов женщины _e(Эксперим.-морфол. исследование) _eАвтореф. дис. на соиск. учен. степени канд. мед. наук _e(751) _fКазан. гос. мед. ин-т С.В. Курашова |
|
| 210 |
_aКазань _d1972 |
||
| 215 | _a16 с. | ||
| 606 |
_aВульва _xИннервация _2psbo |
||
| 700 | 1 |
_aКандалова _bН.А. |
|
| 801 | 0 |
_aRU _bNLR _gpsbo |
|
| 801 | 1 |
_aRU _bELAR _2rusmarc |
|
| 852 |
_aNLR _j72-4/41813 |
||
| 942 | _cBOOK | ||